000 00426nam a22001337a 4500
040 _cNUST
082 _a355.02,CLA
100 _aClausewitz, Von
_9105803
245 _aOn War (Vol-3) /
_cVon Clausewitz
260 _aKarachi
_bKifayat
_c1962-1990
300 _a348 p.:
505 _aSketches for Book VII. The Attack (Page-1), Sketches for Book VIII Plan of War (Page-76), Appendix (Page-178).
942 _2ddc
_cBK
_k355.02,CLA
999 _c592801
_d592801